[Event "Titled Tuesday intern op 16th Apr Late"]
[Site "Chess.com INT"]
[Date "2024.04.16"]
[Round "6"]
[White "Chirilov, James A"]
[Black "Martinez Alcantara, Jose Eduardo"]
[Result "0-1"]
[WhiteElo "2082"]
[BlackElo "2603"]
[PlyCount "52"]
[EventDate "2024.04.16"]
[EventType "swiss (blitz)"]
[EventRounds "11"]
[EventCountry "USA"]
[SourceTitle "CB17_2024"]
[SourceDate "2024.04.24"]
[SourceVersion "1"]
[SourceVersionDate "2024.04.24"]
[SourceQuality "1"]

1. e4 c5 2. Nf3 d6 3. d4 cxd4 4. Nxd4 a6 5. Nc3 e6 6. g4 b5 7. Bg2 Bb7 8. a3 Ne7 9. Be3 Nec6 10. Qe2 Nxd4 11. Bxd4 Nc6 12. Be3 Be7 13. 0-0-0 Qa5 14. Kb1 b4 15. axb4 Nxb4 16. f4 Rc8 17. Bd2 0-0 18. h4 Rfe8 19. g5 d5 20. Be1 Bc5 21. Bf2 Bxf2 22. Qxf2 dxe4 23. Qe3 Bd5 24. Bxe4 Rxc3 25. bxc3 Qa3 26. Qc1 Qa2# 0-1

[Event "Titled Tuesday intern op 16th Apr Late"]
[Site "Chess.com INT"]
[Date "2024.04.16"]
[Round "5"]
[White "Skvortsov, Andrei"]
[Black "Chirilov, James A"]
[Result "0-1"]
[WhiteElo "2304"]
[BlackElo "2082"]
[PlyCount "52"]
[EventDate "2024.04.16"]
[EventType "swiss (blitz)"]
[EventRounds "11"]
[EventCountry "USA"]
[SourceTitle "CB17_2024"]
[SourceDate "2024.04.24"]
[SourceVersion "1"]
[SourceVersionDate "2024.04.24"]
[SourceQuality "1"]

1. e4 c5 2. d4 cxd4 3. Qxd4 Nc6 4. Qd3 Nf6 5. Nc3 g6 6. Nf3 Bg7 7. Be2 0-0 8. 0-0 e6 9. Bg5 h6 10. Bh4 g5 11. Bg3 d5 12. exd5 exd5 13. Rad1 Re8 14. Rfe1 Ne4 15. Nxe4 dxe4 16. Qxd8 Nxd8 17. Bb5 Nc6 18. c3 Bg4 19. h3 Bh5 20. Rd7 exf3 21. Rxe8+ Rxe8 22. Rxb7 Re1+ 23. Kh2 Ne5 24. Rb8+ Kh7 25. gxf3 Nxf3+ 26. Kg2 Rg1# 0-1

[Event "Titled Tuesday intern op 02nd Apr Late"]
[Site "Chess.com INT"]
[Date "2024.04.02"]
[Round "11"]
[White "Chirilov, James A"]
[Black "Batista, Renato Luiz"]
[Result "0-1"]
[WhiteElo "2082"]
[BlackElo "2188"]
[PlyCount "28"]
[EventDate "2024.04.02"]
[EventType "swiss (blitz)"]
[EventRounds "11"]
[EventCountry "USA"]
[SourceTitle "CB15_2024"]
[SourceDate "2024.04.10"]
[SourceVersion "1"]
[SourceVersionDate "2024.04.10"]
[SourceQuality "1"]

1. e4 c5 2. Nf3 d6 3. Nc3 Nf6 4. e5 dxe5 5. Nxe5 e6 6. Bb5+ Nbd7 7. d4 cxd4 8. Qxd4 Be7 9. Bg5 0-0 10. 0-0-0 Nxe5 11. Qxe5 Qa5 12. Qf4 a6 13. Bxf6 Bxf6 14. Bc4 Bg5 0-1

[Event "Titled Tuesday intern op 02nd Apr Late"]
[Site "Chess.com INT"]
[Date "2024.04.02"]
[Round "3"]
[White "Chirilov, James A"]
[Black "Dziewonski, Dariusz"]
[Result "0-1"]
[WhiteElo "2082"]
[BlackElo "2289"]
[PlyCount "182"]
[EventDate "2024.04.02"]
[EventType "swiss (blitz)"]
[EventRounds "11"]
[EventCountry "USA"]
[SourceTitle "CB15_2024"]
[SourceDate "2024.04.10"]
[SourceVersion "1"]
[SourceVersionDate "2024.04.10"]
[SourceQuality "1"]

1. Nf3 d5 2. g3 e6 3. Bg2 Nf6 4. 0-0 Be7 5. d3 0-0 6. Nbd2 c5 7. e4 d4 8. Re1 Nc6 9. e5 Nd7 10. Nc4 Qc7 11. Bf4 b5 12. Nd6 Rb8 13. h4 Ncxe5 14. Nxf7 Rxf7 15. Nxe5 Nxe5 16. Bxe5 Bd6 17. Qe2 Rf5 18. Bxd6 Qxd6 19. Bh3 Rf6 20. Qe5 Rb6 21. Qg5 Rg6 22. Qe5 Bb7 23. Qxd6 Rxd6 24. Re5 Bd5 25. a4 b4 26. b3 a5 27. Rae1 Kf7 28. Bg2 Rf6 29. h5 Bxg2 30. Kxg2 Rd5 31. f4 Rxe5 32. Rxe5 Rf5 33. Re1 Rxh5 34. g4 Rd5 35. Kf3 h6 36. Rh1 Kf6 37. Ke4 Kg6 38. Rh2 Kf6 39. Rh3 Kg6 40. Rh4 Kf6 41. Rh1 Kg6 42. f5+ Kf6 43. Rf1 Re5+ 44. Kf4 Re2 45. Kf3 Rxc2 46. Ke4 Re2+ 47. Kf4 Re3 48. fxe6 Kxe6 49. Rc1 Kd5 50. Kf5 Rxd3 51. Kg6 Rg3 52. Kf5 Rf3+ 53. Kg6 Rg3 54. Kf5 Rxb3 55. Kg6 Rg3 56. Kf5 b3 57. Rb1 c4 58. Kf4 Rg2 59. Kf5 d3 60. Kg6 Rxg4+ 61. Kf7 Rg2 62. Kg8 Kd4 63. Rf1 d2 64. Rf4+ Kc3 65. Rf3+ Kc2 66. Rf4 d1N 67. Rxc4+ Nc3 68. Rc5 b2 69. Rxa5 b1Q 70. Ra8 Qb3+ 71. Kh8 Nxa4 72. Rc8+ Kb2 73. Rf8 h5 74. Rf1 h4 75. Rh1 h3 76. Rf1 h2 77. Rh1 Qh3+ 78. Kg8 Rg1 79. Rxh2+ Qxh2 80. Kf7 g5 81. Kg8 g4 82. Kg7 g3 83. Kf8 g2 84. Ke7 Re1+ 85. Kd7 Qg1 86. Kc6 Qf1 87. Kb7 Nc3 88. Ka7 Nb1 89. Kb6 g1Q+ 90. Ka5 Qf5+ 91. Ka4 Qgg4# 0-1

[Event "Titled Tuesday intern op 06th Feb Late"]
[Site "Chess.com INT"]
[Date "2024.02.06"]
[Round "2"]
[White "Chirilov, James A"]
[Black "Mesquita, Eduardo Barbosa"]
[Result "1-0"]
[WhiteElo "2121"]
[BlackElo "1948"]
[PlyCount "81"]
[EventDate "2024.02.06"]
[EventType "swiss (blitz)"]
[EventRounds "11"]
[EventCountry "USA"]
[SourceTitle "CB07_2024"]
[SourceDate "2024.02.14"]
[SourceVersion "1"]
[SourceVersionDate "2024.02.14"]
[SourceQuality "1"]

1. e4 c5 2. Nf3 d6 3. g3 Nc6 4. Bg2 Nf6 5. Qe2 g6 6. 0-0 Bg7 7. c3 0-0 8. d4 cxd4 9. cxd4 d5 10. e5 Ne4 11. Nc3 Nxc3 12. bxc3 h6 13. Re1 Kh7 14. h4 Qd7 15. h5 Nd8 16. a4 Qg4 17. hxg6+ fxg6 18. Qe3 Bf5 19. Ba3 Rf7 20. Nh2 Qg5 21. f4 Qh5 22. Bf3 Qh3 23. Bxd5 e6 24. Bg2 Qh5 25. Kf2 g5 26. Rh1 Qg6 27. Nf3 Be4 28. Nxg5+ Kg8 29. Nxe4 Nc6 30. Rab1 Ne7 31. Nd6 Nd5 32. Bxd5 exd5 33. Nxf7 Qc2+ 34. Qe2 Qxe2+ 35. Kxe2 Kxf7 36. Rxb7+ Kg6 37. f5+ Kxf5 38. Rxg7 Ke4 39. Rh4+ Kf5 40. Rf4+ Ke6 41. Rf6# 1-0

[Event "Titled Tuesday intern op 06th Feb Late"]
[Site "Chess.com INT"]
[Date "2024.02.06"]
[Round "7"]
[White "Collins, Adam"]
[Black "Chirilov, James A"]
[Result "1-0"]
[WhiteElo "2189"]
[BlackElo "2121"]
[PlyCount "85"]
[EventDate "2024.02.06"]
[EventType "swiss (blitz)"]
[EventRounds "11"]
[EventCountry "USA"]
[SourceTitle "CB07_2024"]
[SourceDate "2024.02.14"]
[SourceVersion "1"]
[SourceVersionDate "2024.02.14"]
[SourceQuality "1"]

1. d4 Nf6 2. c4 e6 3. Nf3 d5 4. g3 Bb4+ 5. Nbd2 0-0 6. Bg2 b6 7. 0-0 Bb7 8. Ne5 Nbd7 9. Qa4 Bd6 10. Nxd7 Nxd7 11. cxd5 exd5 12. Nc4 Be7 13. Bf4 a6 14. Ne5 b5 15. Qc2 Nxe5 16. Bxe5 Rc8 17. Rac1 c5 18. dxc5 Bxc5 19. Qd3 Re8 20. Bf4 Qe7 21. Bxd5 Rcd8 22. e4 Bxd5 23. exd5 Bd6 24. Bxd6 Rxd6 25. Rc6 Red8 26. Rxd6 Rxd6 27. Rc1 g6 28. Rc6 h5 29. h4 Rd8 30. d6 Qe1+ 31. Kg2 Qe6 32. Rxa6 b4 33. a3 bxa3 34. bxa3 Qd7 35. Qd5 Rc8 36. Ra8 Rxa8 37. Qxa8+ Kg7 38. Qd5 f5 39. a4 f4 40. a5 Kf8 41. a6 fxg3 42. Qa8+ Kf7 43. Qb7 1-0

[Event "Titled Tuesday intern op 23rd Jan Late"]
[Site "Chess.com INT"]
[Date "2024.01.23"]
[Round "3"]
[White "Aung, Thant Zin"]
[Black "Chirilov, James A"]
[Result "0-1"]
[WhiteElo "2268"]
[BlackElo "2121"]
[PlyCount "64"]
[EventDate "2024.01.23"]
[EventType "swiss (blitz)"]
[EventRounds "11"]
[EventCountry "USA"]
[SourceTitle "CB05_2024"]
[SourceDate "2024.01.31"]
[SourceVersion "1"]
[SourceVersionDate "2024.01.31"]
[SourceQuality "1"]

1. e4 c5 2. Nf3 d6 3. Bb5+ Nd7 4. 0-0 Ngf6 5. Re1 Qc7 6. c3 a6 7. Bf1 g6 8. d4 cxd4 9. cxd4 Bg7 10. e5 Nd5 11. Nc3 Nxc3 12. bxc3 dxe5 13. dxe5 Nxe5 14. Nxe5 Bxe5 15. Bh6 Bxh2+ 16. Kh1 Bd6 17. Qd4 Rg8 18. Rad1 Be6 19. Be2 0-0-0 20. Qa7 Qb8 21. Qb6 Qc7 22. Qa7 Qc5 23. Be3 Qxa7 24. Bxa7 Bc7 25. a4 Bd5 26. c4 Bc6 27. Ra1 e5 28. Bf3 Bxf3 29. gxf3 Rd3 30. Kg2 f5 31. a5 Rc3 32. Bb6 Re8 0-1

[Event "Titled Tuesday intern op 23rd Jan Late"]
[Site "Chess.com INT"]
[Date "2024.01.23"]
[Round "4"]
[White "Chirilov, James A"]
[Black "Ladan, Nicholas John"]
[Result "0-1"]
[WhiteElo "2121"]
[BlackElo "2168"]
[PlyCount "76"]
[EventDate "2024.01.23"]
[EventType "swiss (blitz)"]
[EventRounds "11"]
[EventCountry "USA"]
[SourceTitle "CB05_2024"]
[SourceDate "2024.01.31"]
[SourceVersion "1"]
[SourceVersionDate "2024.01.31"]
[SourceQuality "1"]

1. Nf3 d5 2. g3 Bg4 3. Bg2 e6 4. d3 Nd7 5. Nbd2 Bd6 6. 0-0 Ne7 7. e4 c6 8. Re1 0-0 9. c3 h6 10. d4 Rc8 11. h3 Bh5 12. Qe2 c5 13. e5 Bb8 14. g4 Bg6 15. Nh4 Bh7 16. f4 Nc6 17. Nhf3 cxd4 18. cxd4 Qb6 19. Nb3 Nb4 20. f5 Nc2 21. f6 Nxe1 22. Qxe1 gxf6 23. Bxh6 Rfe8 24. exf6 Nxf6 25. Ng5 Qd6 26. Nf3 Qg3 27. Qe3 Rc2 28. Nbd2 Ne4 29. Rf1 Rec8 30. Rd1 Rxd2 31. Nxd2 Qh2+ 32. Kf1 Ng3+ 33. Kf2 Ne4+ 34. Nxe4 Bxe4 35. Rg1 Rc2+ 36. Ke1 Qg3+ 37. Qxg3 Bxg3+ 38. Kf1 Bd3# 0-1

[Event "Titled Tuesday intern op 16th Jan Late"]
[Site "Chess.com INT"]
[Date "2024.01.16"]
[Round "9"]
[White "Martinez Pla, Xavier"]
[Black "Chirilov, James A"]
[Result "0-1"]
[WhiteElo "2251"]
[BlackElo "2121"]
[PlyCount "92"]
[EventDate "2024.01.16"]
[EventType "swiss (blitz)"]
[EventRounds "11"]
[EventCountry "USA"]
[SourceTitle "CB04_2024"]
[SourceDate "2023.10.16"]
[SourceVersion "1"]
[SourceVersionDate "2023.10.16"]
[SourceQuality "1"]

1. e4 c5 2. Nf3 d6 3. Bb5+ Nd7 4. a4 Ngf6 5. Nc3 g6 6. 0-0 Bg7 7. Re1 0-0 8. a5 a6 9. Bf1 Qc7 10. d4 cxd4 11. Nxd4 Nc5 12. f3 b5 13. axb6 Qxb6 14. Be3 Qxb2 15. Qd2 Qb6 16. Nb3 Nxb3 17. cxb3 Qb7 18. Bc4 Be6 19. Bxe6 fxe6 20. Ne2 e5 21. Rec1 Rfc8 22. Rab1 Rab8 23. h3 Rxc1+ 24. Rxc1 Qxb3 25. Rc7 Rb7 26. Rc8+ Kf7 27. Nc3 Qb2 28. Qe1 Rb3 29. Kh2 Qc2 30. Rc7 Rb2 31. Qg3 Qd3 32. Bg5 Rc2 33. Bxf6 Bxf6 34. Nd5 Rxc7 35. Nxc7 a5 36. Qg4 Qc4 37. Qd7 Bg5 38. Qe8+ Kg7 39. Nd5 a4 40. Nb6 Bf4+ 41. g3 Qe2+ 42. Kg1 Qe3+ 43. Kg2 Qe2+ 44. Kg1 Be3+ 45. Kh1 Qf1+ 46. Kh2 Qg1# 0-1

[Event "Titled Tuesday intern op 16th Jan Late"]
[Site "Chess.com INT"]
[Date "2024.01.16"]
[Round "7"]
[White "Ozates, Tuna"]
[Black "Chirilov, James A"]
[Result "1-0"]
[WhiteElo "2290"]
[BlackElo "2121"]
[PlyCount "51"]
[EventDate "2024.01.16"]
[EventType "swiss (blitz)"]
[EventRounds "11"]
[EventCountry "USA"]
[SourceTitle "CB04_2024"]
[SourceDate "2023.10.16"]
[SourceVersion "1"]
[SourceVersionDate "2023.10.16"]
[SourceQuality "1"]

1. e4 c5 2. Nf3 d6 3. Bb5+ Nd7 4. 0-0 a6 5. Bd3 b5 6. c4 bxc4 7. Bxc4 Ngf6 8. Nc3 e6 9. d4 cxd4 10. Nxd4 Bb7 11. Re1 Qc7 12. Bxe6 fxe6 13. Nxe6 Qc6 14. Nd5 Rc8 15. Bg5 Kf7 16. Rc1 Qb5 17. Rxc8 Bxc8 18. a4 Qxb2 19. Re2 Qe5 20. Nd8+ Kg8 21. f4 Qe8 22. Qb3 Qf7 23. Nxf7 Nc5 24. Nxf6+ gxf6 25. Nh6+ Kg7 26. Qf7# 1-0

[Event "Charlotte Super op"]
[Site "Charlotte"]
[Date "2023.07.09"]
[Round "1"]
[White "Gauri, Shankar"]
[Black "Chirilov, James A"]
[Result "1/2-1/2"]
[WhiteElo "2360"]
[BlackElo "2117"]
[PlyCount "49"]
[EventDate "2023.07.09"]
[EventType "swiss"]
[EventRounds "9"]
[EventCountry "USA"]
[SourceTitle "CBM 215 Extra"]
[Source "ChessBase"]
[SourceDate "2023.09.30"]
[SourceVersion "1"]
[SourceVersionDate "2023.09.30"]
[SourceQuality "1"]

1. d4 Nf6 2. Nf3 g6 3. g3 Bg7 4. Bg2 0-0 5. 0-0 d6 6. b3 a5 7. Bb2 c6 8. a4 Nbd7 9. Nbd2 Qc7 10. e4 e5 11. Re1 b5 12. axb5 cxb5 13. c4 b4 14. Rc1 Bb7 15. c5 dxc5 16. Nxe5 Nxe5 17. Rxc5 Nc6 18. e5 Nd7 19. Rc1 Nb6 20. d5 Nxd5 21. Bxd5 Rad8 22. Rc5 Qb6 23. Qc2 Nxe5 24. Bxb7 Rxd2 25. Qxd2 1/2-1/2

[Event "Naperville Shamkovich Memorial"]
[Site "Naperville"]
[Date "2023.06.03"]
[Round "6"]
[White "Putnam, Liam H"]
[Black "Chirilov, James A"]
[Result "1-0"]
[WhiteElo "2292"]
[BlackElo "2106"]
[PlyCount "77"]
[EventDate "2023.05.31"]
[EventType "tourn"]
[EventRounds "9"]
[EventCountry "USA"]
[EventCategory "1"]
[SourceTitle "CBM 214 Extra"]
[Source "ChessBase"]
[SourceDate "2023.07.31"]
[SourceVersion "1"]
[SourceVersionDate "2023.07.31"]
[SourceQuality "1"]

1. Nf3 Nf6 2. c4 g6 3. b3 Bg7 4. Bb2 0-0 5. g3 a5 6. Bg2 d6 7. d4 Nbd7 8. 0-0 c6 9. Nc3 Qc7 10. Rc1 Rd8 11. d5 Nc5 12. Nd4 Bd7 13. e4 Qb6 14. Qc2 a4 15. h3 axb3 16. axb3 e5 17. dxe6 fxe6 18. Na4 Nxa4 19. bxa4 Nxe4 20. Bxe4 Bxd4 21. Bxd4 Qxd4 22. Rcd1 Qc5 23. Bxg6 hxg6 24. Qxg6+ Kf8 25. Qf6+ Ke8 26. Qh8+ Kf7 27. Qh7+ Kf6 28. Qh6+ Kf7 29. Rd3 Qf5 30. Rxd6 b5 31. Rfd1 Ra7 32. axb5 cxb5 33. cxb5 Ke8 34. b6 Ra2 35. Qh8+ Ke7 36. Rxd7+ Rxd7 37. Qg7+ Ke8 38. Qxd7+ Kf8 39. Qd8+ 1-0

[Event "Naperville Shamkovich Memorial"]
[Site "Naperville"]
[Date "2023.06.02"]
[Round "5"]
[White "Chirilov, James A"]
[Black "Ezat, Mohamed Mahmoud"]
[Result "0-1"]
[WhiteElo "2106"]
[BlackElo "2402"]
[PlyCount "132"]
[EventDate "2023.05.31"]
[EventType "tourn"]
[EventRounds "9"]
[EventCountry "USA"]
[EventCategory "1"]
[SourceTitle "CBM 214 Extra"]
[Source "ChessBase"]
[SourceDate "2023.07.31"]
[SourceVersion "1"]
[SourceVersionDate "2023.07.31"]
[SourceQuality "1"]

1. e4 e5 2. Nf3 Nc6 3. Bc4 Nf6 4. d3 h6 5. a4 d6 6. Nc3 g5 7. 0-0 Bg7 8. Re1 0-0 9. Nd5 Be6 10. Nxf6+ Qxf6 11. Nd2 Qg6 12. g4 Rad8 13. Nf1 d5 14. exd5 Bxd5 15. Bxd5 Rxd5 16. Ne3 Rd7 17. Nf5 Nd4 18. Nxd4 exd4 19. Qf3 f5 20. Qxb7 fxg4 21. Qe4 Qh5 22. Bd2 Rxf2 23. Qe8+ Qxe8 24. Rxe8+ Rf8 25. Re4 Rdf7 26. Rxg4 Rf2 27. Rg2 Rxg2+ 28. Kxg2 Rf6 29. c4 dxc3 30. Bxc3 Rc6 31. Rc1 Bxc3 32. bxc3 Kf7 33. Kg3 h5 34. h3 Kg6 35. Kf3 Rf6+ 36. Kg3 Rc6 37. Kf3 Kf5 38. Kg3 Re6 39. Rf1+ Kg6 40. Rd1 Re3+ 41. Kg2 Re2+ 42. Kg3 h4+ 43. Kf3 Rh2 44. a5 Rxh3+ 45. Kg2 g4 46. a6 Rg3+ 47. Kh2 Re3 48. Kg2 Re2+ 49. Kf1 Ra2 50. d4 h3 51. Kg1 Rc2 52. d5 g3 53. d6 cxd6 54. Rxd6+ Kf5 55. Rd1 Rxc3 56. Kh1 Ra3 57. Kg1 Rxa6 58. Kh1 Ra2 59. Kg1 Rb2 60. Ra1 Rb5 61. Kh1 a5 62. Kg1 a4 63. Kh1 a3 64. Rf1+ Kg4 65. Ra1 a2 66. Rf1 Rb1 0-1

[Event "Naperville Shamkovich Memorial"]
[Site "Naperville"]
[Date "2023.06.02"]
[Round "4"]
[White "Yu, Jiangwei"]
[Black "Chirilov, James A"]
[Result "1-0"]
[WhiteElo "2214"]
[BlackElo "2106"]
[PlyCount "83"]
[EventDate "2023.05.31"]
[EventType "tourn"]
[EventRounds "9"]
[EventCountry "USA"]
[EventCategory "1"]
[SourceTitle "CBM 214 Extra"]
[Source "ChessBase"]
[SourceDate "2023.07.31"]
[SourceVersion "1"]
[SourceVersionDate "2023.07.31"]
[SourceQuality "1"]

1. d4 Nf6 2. c4 g6 3. Nc3 Bg7 4. e4 d6 5. h3 0-0 6. Be3 Nbd7 7. g4 a6 8. f4 c5 9. e5 Ne8 10. Nf3 Qa5 11. exd6 Nxd6 12. Qd2 b5 13. Ne4 Qc7 14. Nxd6 exd6 15. Bg2 Nb6 16. b3 bxc4 17. 0-0 cxb3 18. axb3 Bb7 19. f5 Rfe8 20. Rac1 c4 21. Bh6 Bh8 22. fxg6 hxg6 23. Ng5 f6 24. Qc2 fxg5 25. Qxg6+ Bg7 26. Bxg7 Qxg7 27. Qxg7+ Kxg7 28. Bxb7 Ra7 29. Bc6 Rc8 30. d5 cxb3 31. Rb1 Nc4 32. Rf5 Kg6 33. Rxb3 Ne5 34. Rb6 a5 35. Rxe5 dxe5 36. Bd7+ Kf7 37. Bxc8 Rc7 38. Be6+ Kg7 39. d6 Rc1+ 40. Kf2 Rd1 41. d7 Kf6 42. Bb3+ 1-0

[Event "Naperville Shamkovich Memorial"]
[Site "Naperville"]
[Date "2023.06.01"]
[Round "3"]
[White "Chirilov, James A"]
[Black "Rorrer, Grayson"]
[Result "1/2-1/2"]
[WhiteElo "2106"]
[BlackElo "2263"]
[PlyCount "56"]
[EventDate "2023.05.31"]
[EventType "tourn"]
[EventRounds "9"]
[EventCountry "USA"]
[EventCategory "1"]
[SourceTitle "CBM 214 Extra"]
[Source "ChessBase"]
[SourceDate "2023.07.31"]
[SourceVersion "1"]
[SourceVersionDate "2023.07.31"]
[SourceQuality "1"]

1. e4 e5 2. Nf3 Nc6 3. Bc4 Nf6 4. d3 h6 5. 0-0 d6 6. Nc3 g6 7. d4 Bg4 8. dxe5 Bxf3 9. Qxf3 Nxe5 10. Qe2 Bg7 11. Bb3 0-0 12. Be3 Re8 13. Qd2 Kh7 14. Rae1 Qe7 15. f4 Neg4 16. Bd4 c5 17. Bxf6 Qxf6 18. e5 dxe5 19. h3 c4 20. Bxc4 Rad8 21. Nd5 Qc6 22. Bb3 Nf6 23. Nxf6+ Bxf6 24. Qf2 exf4 25. Rxe8 Qxe8 26. Qxf4 Bd4+ 27. Kh1 f5 28. Qc7+ Qd7 1/2-1/2

[Event "Charlotte CCCSA Spring IM-B"]
[Site "Charlotte"]
[Date "2023.03.18"]
[Round "7"]
[White "Zapata, Alonso"]
[Black "Chirilov, James A"]
[Result "1/2-1/2"]
[WhiteElo "2341"]
[BlackElo "2168"]
[PlyCount "108"]
[EventDate "2023.03.15"]
[EventType "tourn"]
[EventRounds "9"]
[EventCountry "USA"]
[SourceTitle "CBM 213 Extra"]
[Source "ChessBase"]
[SourceDate "2023.05.31"]
[SourceVersion "1"]
[SourceVersionDate "2023.05.31"]
[SourceQuality "1"]

1. e4 c5 2. Nf3 d6 3. d4 cxd4 4. Nxd4 Nf6 5. Nc3 a6 6. Bc4 e6 7. Bb3 b5 8. 0-0 Be7 9. Qf3 Qc7 10. Qg3 0-0 11. Bh6 Ne8 12. Rfd1 Kh8 13. Bg5 Bxg5 14. Qxg5 Bb7 15. Bxe6 fxe6 16. Nxe6 Qf7 17. Nxf8 Qxf8 18. a4 b4 19. Nd5 Nc6 20. f3 Rc8 21. b3 Ne5 22. Nxb4 Qxf3 23. Rf1 h6 24. Qxh6+ gxh6 25. gxf3 Rc3 26. Nd3 Nxd3 27. cxd3 Rxd3 28. Rab1 Kg7 29. Kf2 d5 30. Rfd1 Rc3 31. e5 Kf7 32. Rdc1 Rd3 33. Rd1 Rc3 34. Rd4 Nc7 35. Rh4 d4 36. Rxd4 Rxf3+ 37. Ke2 Rc3 38. Kd2 Rc5 39. Rf1+ Ke7 40. Rf6 Ne6 41. Rb4 Bc8 42. Rc4 Rxe5 43. Rxh6 Bd7 44. Rb4 Nc5 45. Rbb6 a5 46. Kc3 Be6 47. Rh7+ Kf6 48. Rc7 Nxb3 49. Rxe6+ Kxe6 50. Kxb3 Kd6 51. Rc3 Re4 52. Rg3 Rh4 53. h3 Kc5 54. Ka3 Kb6 1/2-1/2

[Event "Charlotte CCCSA Spring IM-B"]
[Site "Charlotte"]
[Date "2023.03.17"]
[Round "5"]
[White "Putnam, Liam H"]
[Black "Chirilov, James A"]
[Result "1/2-1/2"]
[WhiteElo "2285"]
[BlackElo "2168"]
[PlyCount "127"]
[EventDate "2023.03.15"]
[EventType "tourn"]
[EventRounds "9"]
[EventCountry "USA"]
[SourceTitle "CBM 213 Extra"]
[Source "ChessBase"]
[SourceDate "2023.05.31"]
[SourceVersion "1"]
[SourceVersionDate "2023.05.31"]
[SourceQuality "1"]

1. d4 Nf6 2. c4 g6 3. Nc3 Bg7 4. e4 d6 5. Be2 0-0 6. Nf3 e5 7. Be3 Ng4 8. Bg5 f6 9. Bc1 Nc6 10. 0-0 f5 11. Bg5 Qe8 12. d5 Ne7 13. c5 a6 14. Nd2 h6 15. cxd6 cxd6 16. Bxe7 Qxe7 17. Bxg4 fxg4 18. Na4 Qd8 19. b4 Bd7 20. Nb2 b5 21. Nb3 Qb6 22. Qd2 h5 23. Rac1 Kh7 24. Nd1 Bh6 25. Ne3 h4 26. Nc5 Bc8 27. Ne6 Bxe6 28. dxe6 g3 29. Rc3 gxf2+ 30. Rxf2 Rae8 31. Rxf8 Rxf8 32. e7 Re8 33. Qf2 Bxe3 34. Rxe3 Kg7 35. Rd3 Qc7 36. Qxh4 Qc1+ 37. Kf2 g5 38. Qg4 Rxe7 39. Rf3 Qd2+ 40. Kg3 Rf7 41. Rxf7+ Kxf7 42. Qf5+ Ke7 43. Kh3 Ke8 44. a3 Qd1 45. Qg6+ Kd7 46. Qf5+ Kc7 47. g3 Qe2 48. Qxg5 Qxe4 49. Qe7+ Kc6 50. Qf7 Qc4 51. Qe8+ Kd5 52. g4 Qd3+ 53. Kh4 e4 54. g5 e3 55. g6 e2 56. g7 Qd4+ 57. Kh3 Qxg7 58. Qxe2 Qc3+ 59. Kg2 Qg7+ 60. Kf2 Qd4+ 61. Qe3 Qh4+ 62. Qg3 Qd4+ 63. Qe3 Qh4+ 64. Qg3 1/2-1/2

[Event "Charlotte op"]
[Site "Charlotte"]
[Date "2023.01.16"]
[Round "6"]
[White "Belenkaya, Dina"]
[Black "Chirilov, James A"]
[Result "0-1"]
[WhiteElo "2330"]
[BlackElo "2126"]
[PlyCount "108"]
[EventDate "2023.01.14"]
[EventType "swiss"]
[EventRounds "6"]
[EventCountry "USA"]
[SourceTitle "CBM 212 Extra"]
[Source "ChessBase"]
[SourceDate "2023.03.31"]
[SourceVersion "1"]
[SourceVersionDate "2023.03.31"]
[SourceQuality "1"]

1. e4 c5 2. Nf3 d6 3. Bb5+ Nd7 4. c4 Ngf6 5. Nc3 a6 6. Ba4 g6 7. 0-0 Bg7 8. h3 Qc7 9. d3 0-0 10. Be3 e6 11. Rc1 b6 12. Bxd7 Bxd7 13. d4 cxd4 14. Qxd4 Bc6 15. Qd3 Qb7 16. Nd2 Rfd8 17. Bd4 b5 18. f3 bxc4 19. Nxc4 Bb5 20. Nxb5 axb5 21. Na3 Rdb8 22. Qb3 Qa6 23. Rfd1 d5 24. e5 Nd7 25. Rc7 Nxe5 26. f4 Nc4 27. Nxc4 bxc4 28. Qe3 Bxd4 29. Qxd4 Qxa2 30. Qf6 Rf8 31. f5 Qa6 32. fxg6 hxg6 33. Rd4 Qa1+ 34. Kh2 Qxb2 35. Rb7 Qc3 36. Qh4 Qe3 37. Rf4 Qe5 38. Qg3 Ra3 39. Qxa3 Qxf4+ 40. Kh1 Rc8 41. Qa4 Qd6 42. Qa7 Qf4 43. Qa4 Qf6 44. Qd7 Rd8 45. Qc7 c3 46. Rb4 d4 47. Rc4 d3 48. Rf4 Qxf4 49. Qxd8+ Kg7 50. Qxd3 Qd2 51. Qe4 c2 52. Qe5+ Kh7 53. Qf6 c1Q+ 54. Kh2 Qf4+ 0-1